Ч. 1; Технологические процессы машиностроительного производства

Bibliographische Detailangaben
Parent link:Технологические процессы машиностроительного производства: учебное пособие/ К. Г. Герасимович [и др.]; Томский политехнический университет (ТПУ); Институт дистанционного образования. Ч. 1.— 2-е изд., испр..— , 2004
Körperschaft: Томский политехнический университет
Weitere Verfasser: Герасимович К. Г. Константин Георгиевич, Евтюшкин Ю. А. Юрий Александрович, Фомин Н. И. Николай Ильич, Хворова И. А. Ирина Александровна
Zusammenfassung:Учебное пособие включает две части. В первой части рассматриваются основы металлургического производства, литейного производства и обработки металлов давлением. Вторая часть посвящается обработке металлов резанием и сварочному производству.
Sprache:Russisch
Veröffentlicht: 2004
Schlagworte:
Format: MixedMaterials Buch
KOHA link:https://koha.lib.tpu.ru/cgi-bin/koha/opac-detail.pl?biblionumber=175399

MARC

LEADER 00000nam2a2200000 4500
001 175399
005 20250628110325.0
035 |a (RuTPU)RU\TPU\book\190185 
035 |a RU\TPU\book\10877 
090 |a 175399 
100 |a 20100212d2004 m y0rusy50 ca 
101 0 |a rus 
102 |a RU 
105 |a y j 000zy 
200 0 |a Ч. 1 
210 |d 2004 
215 |a 103 с. 
330 |a Учебное пособие включает две части. В первой части рассматриваются основы металлургического производства, литейного производства и обработки металлов давлением. Вторая часть посвящается обработке металлов резанием и сварочному производству. 
461 1 |0 174020  |9 174020  |t Технологические процессы машиностроительного производства  |o учебное пособие  |o в 2 ч.  |f К. Г. Герасимович [и др.]  |g Томский политехнический университет (ТПУ); Институт дистанционного образования  |v Ч. 1  |e 2-е изд., испр.  |d 2004 
606 1 |a Машиностроительные заводы  |x Организация производства  |2 stltpush  |3 (RuTPU)RU\TPU\subj\41617  |9 61405 
610 1 |a машиностроение 
610 1 |a технологические процессы 
610 1 |a металлургия 
610 1 |a литейное производство 
610 1 |a обработка давлением 
610 1 |a металлы 
610 1 |a сталь 
610 1 |a чугун 
610 1 |a производство 
610 1 |a порошковая металлургия 
610 1 |a литье в песок 
610 1 |a литье в формы 
610 1 |a отливки 
610 1 |a прокатка 
610 1 |a ковка 
610 1 |a штамповка 
610 1 |a волочение 
610 1 |a прессование 
610 1 |a учебные пособия 
610 1 |a труды учёных ТПУ 
675 |a 621.002:658.5(075.8)  |v 3 
701 1 |a Герасимович  |b К. Г.  |c специалист в области материаловедения  |c ассистент кафедры Томского политехнического университета  |f 1960-  |g Константин Георгиевич  |9 22701 
701 1 |a Евтюшкин  |b Ю. А.  |c специалист в области материаловедения  |c доцент Томского политехнического университета  |f 1929-  |g Юрий Александрович  |9 12203 
701 1 |a Фомин  |b Н. И.  |c специалист в области машиностроения  |c доцент Томского политехнического университета, кандидат технических наук  |f 1949-2017  |g Николай Ильич  |9 12106 
701 1 |a Хворова  |b И. А.  |c специалист в области материаловедения  |c старший преподаватель Томского политехнического университета  |f 1954-  |g Ирина Александровна  |9 12299 
712 0 2 |a Томский политехнический университет  |c (1991-2009)  |9 23382 
801 0 |a RU  |b 63413507  |c 20011209  |g PSBO 
801 2 |a RU  |b 63413507  |c 20191126  |g PSBO 
850 |a 63413507 
942 |c BK